Natur-und Jagdstudien in Deutsch-Ostafrika : (Record no. 145350)
[ view plain ]
| 000 -LEADER | |
|---|---|
| fixed length control field | 00853cam7a220020500 4500 |
| 001 - CONTROL NUMBER | |
| control field | tmp15385135 |
| 003 - CONTROL NUMBER IDENTIFIER | |
| control field | UPRA |
| 005 - DATE AND TIME OF LATEST TRANSACTION | |
| control field | 20190823092744.0 |
| 008 - FIXED-LENGTH DATA ELEMENTS--GENERAL INFORMATION | |
| fixed length control field | 950801s1917 gw eng u |
| 035 ## - SYSTEM CONTROL NUMBER | |
| System control number | (Sirsi) r55710 |
| 035 ## - SYSTEM CONTROL NUMBER | |
| System control number | (UPRA)tmp15385135 |
| 040 ## - CATALOGING SOURCE | |
| Transcribing agency | UPRA |
| 100 1# - MAIN ENTRY--PERSONAL NAME | |
| Personal name | Besser, Hans. |
| Linkage | A14437.1 |
| 245 10 - TITLE STATEMENT | |
| Title | Natur-und Jagdstudien in Deutsch-Ostafrika : |
| Remainder of title | mit zahlreichen Abbildungen / |
| Statement of responsibility, etc. | nach Zeichnungen von E. Bungartz, einem Kartchen und einem farbigen Umschlagbild, gezeichnet von R. Friase. |
| 260 ## - PUBLICATION, DISTRIBUTION, ETC. | |
| Place of publication, distribution, etc. | Stuttgart : |
| Name of publisher, distributor, etc. | Kosmos, Gesellschaft der Naturfreunde, Geschafstelle: Franckh'sche Verlagschandlung, |
| Date of publication, distribution, etc. | 1917. |
| 650 #0 - SUBJECT ADDED ENTRY--TOPICAL TERM | |
| Topical term or geographic name entry element | Zoology -- Tropics. |
| Geographic subdivision | Zoology -- Tropics. |
| Linkage | S10372.1 |
| 650 #0 - SUBJECT ADDED ENTRY--TOPICAL TERM | |
| Topical term or geographic name entry element | Hunting -- Tanzania. |
| Geographic subdivision | Hunting -- Tanzania. |
| Linkage | S10373.1 |
| 949 ## - LOCAL PROCESSING INFORMATION (OCLC) | |
| a | QL337 |
| w | lcc |
| i | 33729001784037 |
| m | MAIN |
| p | 2500 |
| t | BOOK |
| l | ON-SHELF |
No items available.